[Event "FRA-chT Top 12 2019"]
[Site "Brest"]
[Date "2019.05.22"]
[Round "5.1"]
[White "Praggnanandhaa R"]
[Black "Eljanov, Pavel"]
[Result "1/2-1/2"]
[WhiteElo "2536"]
[BlackElo "2661"]
[Annotator "TA"]
[PlyCount "144"]
[EventDate "2019.05.18"]
[EventType "team-tourn"]
[EventCountry "FRA"]
[SourceTitle "playchess.com"]
[Source "ChessBase"]
[SourceQuality "1"]

{[%evp 11,144,0,2,0,9,0,0,0,21,17,19,9,0,6,22,19,23,10,31,7,63,42,39,45,75,29,22,36,16,20,67,63,54,50,62,67,61,59,54,50,155,159,150,168,287,279,327,334,409,398,444,441,436,441,660,640,515,424,415,263,691,271,240,233,289,267,279,266,273,235,247,260,281,277,275,291,354,330,552,522,740,710,647,416,413,236,408,395,577,297,368,331,331,340,518,517,2100,486,455,0,2069,0,412,363,780,842,689,813,839,722,754,553,497,0,745,652,575,522,476,110,118,0,0,0,0,0,0,0,0,0,0,0,0,0,0]} 1. e4 c6 2. d4 d5 3. e5 Bf5 4. h4 h5 5. c4 e6 6. Nc3 Ne7 7. Nge2 {B12: Caro-Kann: Advance Variation} Nd7 (7... Bg4 8. Bg5 Qb6 9. c5 Qc7 10. f3 Bf5 11. Ng3 f6 12. Bf4 Nd7 13. exf6 Qxf4 14. Nce2 Qh6 15. fxe7 Bxe7 16. Nxf5 exf5 {½-½ (27) Sutovsky,E (2647)-Artemiev,V (2704) Poikovsky 2018}) 8. Ng3 Bg6 9. Bg5 Qa5 (9... Qb6 {looks sharper.} 10. Na4 Qc7 11. Nc3 Qb6) 10. Bd3 $146 ({Predecessor:} 10. a3 dxc4 11. Bxc4 Nd5 12. Bxd5 cxd5 13. O-O Be7 14. Bxe7 Kxe7 {1-0 (28) Solovyev,P-Tibbert,P (1782) ICCF email 2012}) 10... Bxd3 $1 11. Qxd3 Qa6 12. b3 {[%cal Bb2b3,Bb3c4][%mdl 32]} f6 13. exf6 gxf6 14. Bd2 dxc4 15. bxc4 Nb6 (15... O-O-O $11) 16. Nce4 $14 {Threatens to win with Nd6+.} O-O-O $1 17. Rc1 Ng6 18. O-O Ne5 $1 {[%cal Re5d3]} 19. Qe2 Nexc4 20. Be3 Qa4 21. Nxf6 Nxe3 22. Qxe3 Bg7 23. Qxe6+ (23. Nfxh5 Bxd4 24. Qxe6+ Kb8 $11) (23. Ngxh5 Bxf6 24. Nxf6 (24. Qxe6+ Nd7 $17) 24... Qxd4 $11) 23... Kb8 24. Nf5 Bxf6 $1 25. Qxf6 Rhf8 {[#]} (25... Ka8 $14) 26. Qe5+ $1 $16 Ka8 27. Ng7 Rd5 {[#]} (27... Nd5 $142) 28. Qh2 $1 $18 Rg8 29. Ne6 Rd7 30. Nc7+ Rxc7 31. Qxc7 Qxd4 32. Rfe1 Qxh4 (32... Qd5 $142 33. g3 Rc8) 33. Re7 {[%csl Ge7][%cal Rc7b7]} Rb8 {aiming for ...Nd5.} 34. Qe5 {Strongly threatening Re8.} a6 35. Rb1 Nc4 $2 (35... Nd5) 36. Qg7 $2 (36. Qc7 {Threatening mate with Re8!} Na5 37. Re5) 36... Nd6 37. Rd7 $40 {[%mdl 128] White is out for blood.} Qe4 38. Qh7 Qe6 39. Rd1 Nb5 40. Qc2 ({And not} 40. Qxh5 Nc3 $11) 40... Qf6 41. Re1 Rg8 {Black wants to play ...Nd4.} 42. Qh7 Rf8 43. f3 Qc3 44. Qe7 Rg8 $2 (44... Rb8 {was necessary.} 45. a4 Nd4) 45. Red1 Qc2 {[%csl Gg8][%cal Rc2g2]} 46. R7d2 Qc4 47. Rd8+ Rxd8 48. Rxd8+ {[%mdl 4096] Endgame KQR-KQN} Ka7 49. Rd7 ({Not} 49. Qe3+ c5 $18) 49... Ka8 (49... a5 {might work better.} 50. Rxb7+ Ka6) 50. Qe8+ Ka7 51. Qe3+ ({Weaker is} 51. Qc8 Qc5+ 52. Kh1 Qb6 $16) 51... c5 52. Qe7 Qc1+ (52... Kb6 $142 53. Rxb7+ Ka5 54. Qe1+ Ka4) 53. Kh2 Qf4+ (53... Kb6 $142 54. Rxb7+ Ka5 55. Qd8+ Kb4) 54. Kh3 (54. g3 $142 Qf5 55. Rxb7+ Ka8 56. Rd7 Qc2+ 57. Kh3 Qf5+ 58. Kh4 Qxd7 59. Qxd7) 54... Qf5+ 55. Kh2 (55. Kh4 $142 Kb6 56. Rxb7+ Ka5 57. Qe1+ Ka4 58. Rb6) 55... Qf4+ $1 56. Kh3 (56. g3 $142 Qb8 57. Qxc5+ Ka8 58. Qb6) 56... Qf5+ 57. Kg3 h4+ $2 (57... Qg6+ 58. Kh2 Qb6) 58. Kxh4 {And now g4 would win.} Qf4+ 59. g4 Qh6+ {[#]} 60. Kg3 $1 Qc6 61. Qf7 Nd6 62. Qe7 (62. Qg7 $142) 62... Nb5 63. Kh2 Qb6 64. Rd5 Nc3 65. Rxc5 $2 (65. Re5 $18 {and White stays clearly on top.} Na4 66. Re2) 65... Nd5 $16 66. Qf8 (66. Rxd5 $16 Qf2+ 67. Kh3 Qxf3+ 68. Kh4 Qh1+ 69. Kg3 Qxd5 70. g5) 66... Qb4 $1 $11 {The position is equal.} 67. Rc8 Qd2+ 68. Kh3 Nf4+ 69. Kg3 {Intending Qc5+ and mate.} Ne6 70. Ra8+ Kb6 71. Qf6 Qe1+ 72. Kg2 {g5 is the strong threat.} Qe2+ $1 {[%mdl 64] Double Attack. Accuracy: White = 67%, Black = 54%.} 1/2-1/2

[Event "FRA-chT Top 12 2019"]
[Site "Brest"]
[Date "2019.05.22"]
[Round "5.1"]
[White "Velten, Paul"]
[Black "Fedorov, Alexei"]
[Result "1-0"]
[WhiteElo "2507"]
[BlackElo "2566"]
[Annotator "TA"]
[PlyCount "57"]
[EventDate "2019.05.18"]
[EventType "team-tourn"]
[EventCountry "FRA"]
[SourceTitle "playchess.com"]
[Source "ChessBase"]
[SourceQuality "1"]

{[%evp 15,57,75,78,14,74,72,73,64,103,100,120,113,116,108,114,105,93,120,95,121,179,164,180,183,258,242,289,287,395,243,547,543,524,540,554,510,480,333,355,341,664,650,638,632]} 1. d4 Nf6 2. c4 g6 3. Nc3 Bg7 4. e4 d6 5. Be2 O-O 6. Nf3 c5 7. O-O Nc6 8. d5 Na5 9. Ne1 {E91: King's Indian: Classical: 6 Be2, unusual replies including 6...c5 and 6...Bg4} (9. Bf4 $16) 9... e5 (9... a6 $11 {remains equal.}) 10. b3 $146 ({Predecessor:} 10. Bg5 h6 11. Be3 b6 12. g4 Nh7 13. Kh1 Ng5 14. Rg1 Nh3 15. Rg3 Nf4 16. Ng2 Qe7 {1-0 (47) Narciso Dublan,M (2532)-Perpinya Rofes,L (2398) Montcada 2015}) 10... Ne8 11. Bd2 {White is better.} f5 12. exf5 gxf5 13. g3 b6 14. Ng2 Nb7 15. Kh1 Nf6 16. f3 Bd7 17. g4 e4 {[#]} (17... Kh8 $16 {was called for.}) 18. gxf5 $1 $18 Bxf5 19. Ne3 Bh3 (19... Bg6 {keeps fighting.} 20. f4 Kh8) 20. Rg1 ({Inferior is} 20. fxe4 Bxf1 21. Bxf1 Kh8 $11) 20... exf3 21. Bxf3 Kh8 22. Qe1 {Threatens to win with Rxg7!} Qe7 $2 {[#]} (22... Ne8 {is a better chance.}) 23. Rxg7 $1 {[%mdl 512]} Qxg7 24. Qh4 Ng4 25. Bxg4 Bxg4 26. Qxg4 Qd4 27. Rd1 {Hoping for Ne4.} Rf2 $2 (27... Qxg4 28. Nxg4 h5) 28. Nb5 Qxg4 29. Nxg4 {Accuracy: White = 80%, Black = 43%.} 1-0

[Event "FRA-chT Top 12 2019"]
[Site "Brest"]
[Date "2019.05.22"]
[Round "5.2"]
[White "Harikrishna, Pentala"]
[Black "Hera, Imre Jr."]
[Result "1/2-1/2"]
[WhiteElo "2730"]
[BlackElo "2611"]
[Annotator "TA"]
[PlyCount "59"]
[EventDate "2019.05.18"]
[EventType "team-tourn"]
[EventCountry "FRA"]
[SourceTitle "playchess.com"]
[Source "ChessBase"]
[SourceQuality "1"]

{[%evp 19,59,51,48,56,46,47,51,51,52,53,55,41,37,37,50,0,37,-15,-18,-16,-29,-46,-46,-58,-47,-50,0,-29,-28,-30,-29,-41,-20,-20,-20,-21,-21,-35,-22,-36,-36,-33]} 1. e4 d5 2. exd5 Qxd5 3. Nc3 Qa5 4. d4 Nf6 5. Nf3 c6 6. Bc4 Bf5 7. Ne5 e6 8. g4 Bg6 9. h4 Nbd7 10. Nxd7 Nxd7 11. h5 $1 {[%cal Rh5g6] B01: Scandinavian Defence} Be4 $1 {[%cal Re4h1]} 12. O-O Bd5 13. Nxd5 {White is slightly better.} cxd5 14. Bd3 Bd6 15. c3 (15. a4 Qd8 16. Kg2 Qe7 17. a5 a6 18. c3 g6 {0-1 (62) Haba,P (2432)-Laznicka,V (2669) Pardubice 2017}) 15... O-O-O 16. Qf3 Rdf8 $146 ({Predecessor:} 16... Rde8 17. Kg2 g6 18. Bg5 h6 19. Bh4 Rhf8 20. a4 gxh5 {½-½ (21) Ballow,J (2416)-Biedermann,T (2409) ICCF email 2016}) 17. Be3 Kb8 18. Rfc1 (18. Rfe1 $14) 18... f5 $11 19. gxf5 exf5 20. Bg5 ({Don't blunder} 20. Bxf5 $2 {[#]} g6 $1 $19 {[%mdl 512]}) 20... Nf6 21. c4 dxc4 22. Rxc4 Qd5 23. Qxf5 Qxf5 24. Bxf5 Nxh5 25. Bg4 Nf4 26. Re1 h5 27. Bxf4 Bxf4 28. Bh3 Rf7 29. d5 g5 30. Be6 {Accuracy: White = 49%, Black = 86%.} 1/2-1/2

[Event "FRA-chT Top 12 2019"]
[Site "Brest"]
[Date "2019.05.22"]
[Round "5.2"]
[White "Ragger, Markus"]
[Black "Safarli, Eltaj"]
[Result "1/2-1/2"]
[WhiteElo "2682"]
[BlackElo "2624"]
[Annotator "TA"]
[PlyCount "40"]
[EventDate "2019.05.18"]
[EventType "team-tourn"]
[EventCountry "FRA"]
[SourceTitle "playchess.com"]
[Source "ChessBase"]
[SourceQuality "1"]

{[%evp 12,40,38,38,42,32,29,31,33,36,37,29,37,-9,-12,-10,-5,-24,-25,-27,0,0,0,0,0,0,0,0,0,0,0]} 1. e4 e5 2. Nf3 Nc6 3. Bc4 Nf6 4. d3 Be7 5. O-O O-O 6. Re1 d6 7. a4 a5 {C55: Two Knights: 4 d3, 4 d4 exd4 5 e5 and Max Lange Attack} (7... Na5 8. Ba2 c5 9. c3 Nc6 10. Nbd2 h6 11. Nf1 Re8 12. h3 Bf8 13. Ne3 Be6 14. Bxe6 Rxe6 15. Nd5 Re8 16. Nxf6+ Qxf6 {½-½ (30) Jakovenko,D (2719)-Yu,Y (2751) Shenzhen 2019}) 8. Nbd2 Be6 9. c3 Bxc4 {White is slightly better.} 10. Nxc4 Re8 11. Bd2 $146 ({Predecessor:} 11. Qb3 Qd7 12. h3 Bf8 13. Bg5 Re6 14. Ne3 Nh5 15. Nd5 Rg6 16. g4 {1-0 (31) Komliakov,V (2500)-Aliev,K (2225) Ashkhabad 1996}) 11... Bf8 12. b4 axb4 13. cxb4 d5 14. b5 dxc4 15. bxc6 bxc6 16. dxc4 {The position is equal.} Nd7 17. Qc2 Nc5 18. Be3 Qd3 19. Qxd3 Nxd3 20. Reb1 Ra6 {Accuracy: White = 82%, Black = 88%.} 1/2-1/2

[Event "FRA-chT Top 12 2019"]
[Site "Brest"]
[Date "2019.05.22"]
[Round "5.2"]
[White "Gharamian, Tigran"]
[Black "Karthikeyan, Murali"]
[Result "1/2-1/2"]
[WhiteElo "2602"]
[BlackElo "2596"]
[Annotator "TA"]
[PlyCount "70"]
[EventDate "2019.05.18"]
[EventType "team-tourn"]
[EventCountry "FRA"]
[SourceTitle "playchess.com"]
[Source "ChessBase"]
[SourceQuality "1"]

{[%evp 17,70,11,16,0,9,-11,0,-7,14,8,96,87,107,101,119,100,101,67,77,70,70,71,77,69,82,75,62,54,62,69,68,38,47,44,52,31,27,24,37,29,37,37,22,29,22,23,38,0,0,0,0,0,0,0,0]} 1. b3 Nf6 2. Bb2 c5 3. Nf3 d6 4. c4 e5 5. Nc3 g6 6. g3 Bg7 7. Bg2 O-O 8. O-O Nc6 9. d3 Ne8 10. a3 {[%cal Ba2a3,Ba3b4,Bb4b5][%mdl 32] A38: Symmetrical English vs ...g6: 4 Bg2 Bg7 5 Nf3 Nf6} (10. Nd2 Nc7 11. a3 a5 12. e3 Rb8 13. Nd5 b5 14. Qc2 Be6 15. Rae1 f5 16. f4 bxc4 17. dxc4 e4 18. Bxg7 Kxg7 {½-½ (70) Artemiev,V (2709)-Carlsen,M (2835) St Petersburg 2018}) 10... Nc7 11. Ne1 Be6 {[#]} 12. b4 $1 {[%mdl 512]} cxb4 $146 ({Predecessor:} 12... Rb8 13. Qa4 a6 14. Bxc6 bxc6 15. Qxc6 cxb4 16. axb4 Bh3 17. Ng2 e4 {1-0 (36) Ribli,Z-Perenyi,B Budapest 1974}) 13. axb4 d5 {[#]} (13... a6 $11 {remains equal.}) 14. b5 $1 $16 {Threatens to win with cxd5.} Ne7 {[#]} 15. Qb3 $1 Qd7 16. Nc2 Rfc8 17. Rfd1 d4 18. Ne4 {Nc5 is the strong threat.} Nxb5 $1 19. Qa4 Nc3 20. Qxd7 Bxd7 21. Nxc3 dxc3 22. Bxc3 Bc6 23. Rdb1 b6 24. Ra6 Bxg2 25. Kxg2 e4 {White must now prevent ...exd3.} 26. Bxg7 Kxg7 27. Nb4 exd3 28. exd3 Nc6 29. Nxc6 Rxc6 $14 {[%mdl 4096] Endgame KRR-KRR} 30. Rb3 Rcc8 31. Rba3 Rd8 32. Rxa7 Rxa7 {The position is equal.} 33. Rxa7 Rxd3 34. Rb7 Rc3 35. Rxb6 Rxc4 {Accuracy: White = 71%, Black = 58%.} 1/2-1/2

[Event "FRA-chT Top 12 2019"]
[Site "Brest"]
[Date "2019.05.22"]
[Round "5.2"]
[White "Istratescu, Andrei"]
[Black "Van Foreest, Jorden"]
[Result "1/2-1/2"]
[WhiteElo "2555"]
[BlackElo "2601"]
[Annotator "TA"]
[PlyCount "46"]
[EventDate "2019.05.18"]
[EventType "team-tourn"]
[EventCountry "FRA"]
[SourceTitle "playchess.com"]
[Source "ChessBase"]
[SourceQuality "1"]

{[%evp 9,46,0,33,22,30,23,31,18,24,16,19,13,21,31,28,26,19,15,19,4,13,16,12,0,30,17,29,0,61,8,16,7,11,10,28,18,18,0,31]} 1. e4 c5 2. Nf3 d6 3. Bb5+ Bd7 4. c4 Nf6 5. Nc3 g6 6. Bxd7+ {B52: Sicilian: Moscow Variation with 3...Bd7} (6. d4 cxd4 7. Nxd4 Bg7 8. f3 O-O 9. Be3 Bxb5 10. Ndxb5 Nc6 11. Rc1 a6 12. Nd4 Rc8 {0-1 (47) Kovalev,V (2683)-Van Foreest,J (2614) St Petersburg 2018}) 6... Nbxd7 7. O-O Rc8 8. b3 {White is slightly better.} Ne5 $146 ({Predecessor:} 8... a6 9. Bb2 e5 10. d3 Bg7 11. a3 O-O 12. b4 Ne8 13. Nd5 Nc7 14. Re1 Nxd5 15. cxd5 {1-0 (51) Ivanov,I (2515)-Hulak,K (2490) Toluca de Lerdo 1982}) 9. Nxe5 dxe5 10. d3 e6 11. a3 Rc6 12. Qe2 Be7 13. Bh6 Nh5 14. g3 Bg5 15. Bxg5 Qxg5 16. Qe3 Qe7 17. b4 b6 18. bxc5 bxc5 (18... Rxc5 $11 19. Qh6 Qf8) 19. Rab1 (19. Qh6 $14) 19... O-O $11 20. Rb3 Rd8 21. Rfb1 Qd6 22. Nb5 Qe7 23. Nc3 Qd6 {Accuracy: White = 44%, Black = 61%.} 1/2-1/2

[Event "FRA-chT Top 12 2019"]
[Site "Brest"]
[Date "2019.05.22"]
[Round "5.2"]
[White "Kosten, Anthony C."]
[Black "Hamitevici, Vladimir"]
[Result "1/2-1/2"]
[WhiteElo "2419"]
[BlackElo "2476"]
[Annotator "TA"]
[PlyCount "117"]
[EventDate "2019.05.18"]
[EventType "team-tourn"]
[EventCountry "FRA"]
[SourceTitle "playchess.com"]
[Source "ChessBase"]
[SourceQuality "1"]

{[%evp 13,117,5,7,10,16,18,21,18,23,24,31,-21,24,28,37,24,35,42,34,51,41,53,43,0,0,0,72,81,81,95,83,79,96,97,162,158,174,159,174,198,283,193,260,187,176,191,175,107,255,243,273,263,308,312,259,285,287,233,250,219,224,94,81,81,88,81,82,87,110,73,62,57,57,57,57,57,57,55,57,25,33,41,67,8,34,8,8,8,8,8,8,8,8,8,8,8,8,8,8,8,8,8,8,8,8,8]} 1. Nf3 Nf6 2. c4 b6 3. g3 Bb7 4. Bg2 g6 5. b3 Bg7 6. Bb2 O-O 7. O-O e6 8. Nc3 {A15: English Opening: 1...Nf6} Re8 9. d4 Ne4 $146 ({Predecessor:} 9... d5 10. Rc1 Nc6 11. Ne5 Ne7 12. Qc2 c6 13. e4 Rc8 14. Rfd1 Qc7 15. Nd3 dxe4 16. Nxe4 Nxe4 17. Bxe4 {½-½ (34) Kovalev,V (2639)-Bortnyk,O (2610) Riadh 2017}) 10. Qc2 Nxc3 11. Bxc3 d5 12. Nd2 ({White should try} 12. Rfd1 $14) 12... Nc6 13. e3 Ne7 14. b4 Nf5 15. a4 c5 16. dxc5 Bxc3 17. Qxc3 bxc5 18. bxc5 {cxd5 is the strong threat.} (18. Qb2 {feels hotter.} cxb4 19. cxd5 exd5 20. Qxb4 Rb8 21. Rfb1) 18... d4 19. exd4 Bxg2 (19... Nxd4 $11 20. Kh1 Bxg2+ 21. Kxg2 e5) 20. Kxg2 $16 {Black must now prevent Nf3.} Qxd4 21. Qxd4 Nxd4 22. Rab1 Rec8 23. Ne4 f5 (23... Rc7 $16) 24. Rfd1 $18 {Threatens to win with Nd6.} e5 25. Nf6+ $1 Kg7 26. Nd7 $1 Nc6 (26... Ne6 {might work better.} 27. Rb7 (27. Nxe5 Nxc5 28. Nd7 Kh6 $16) 27... Nd8) 27. Rb7 Na5 (27... Nd8 $142 28. c6 Rxc6 29. Nxe5+ Nxb7 30. Nxc6 Kf6) 28. c6 Rxc6 29. Nxe5+ Nxb7 30. Rd7+ (30. Nxc6 $18 Nc5 31. a5) 30... Kf6 (30... Kg8 $16 31. Nxc6 Nc5) 31. Nxc6 {[%mdl 4096] Endgame KRN-KRN} Nc5 32. Rxh7 a5 33. Ra7 $1 {[%cal Ra7a8]} Rxa7 34. Nxa7 {KN-KN} Ke6 35. Nc6 Nb3 {If only Black now had time for ...Kd6....} 36. h4 Kd6 {[#]} 37. Nd8 (37. Na7 $1 $18) 37... Nc5 $16 38. Kf3 {And now Kf4 would win.} Kd7 39. Nf7 Ke6 {[#]} 40. Ng5+ $1 Ke7 41. Ke3 Nxa4 42. Kd4 Nb2 $1 43. Nh3 a4 44. Nf4 a3 {Hoping for ...a2.} 45. Nd5+ $1 ({Don't go for} 45. Nxg6+ $2 Kf6 $19) 45... Ke6 46. Nb4 (46. Nc3 {seems wilder.} Nd1 47. f3 Nf2 48. c5 Nh1 49. g4) 46... Nd1 47. f3 {Strongly threatening c5.} Nf2 $1 48. c5 (48. Kc3 $14) 48... Nh1 $1 $11 49. g4 fxg4 {The position is equal.} 50. fxg4 {Black should prevent Ke3.} Nf2 51. h5 {aiming for h6.} Nxg4 52. hxg6 Nh6 53. c6 Nf5+ 54. Kc5 Ne7 55. c7 Nc8 56. Kc6 Kf6 57. Kd7 Na7 58. c8=Q Nxc8 59. Kxc8 {Accuracy: White = 64%, Black = 79%.} 1/2-1/2

[Event "FRA-chT Top 12 2019"]
[Site "Brest"]
[Date "2019.05.22"]
[Round "5.2"]
[White "Vallin, Guillaume"]
[Black "Chabanon, Jean-Luc"]
[Result "1/2-1/2"]
[WhiteElo "2389"]
[BlackElo "2437"]
[Annotator "TA"]
[PlyCount "43"]
[EventDate "2019.05.18"]
[EventType "team-tourn"]
[EventCountry "FRA"]
[SourceTitle "playchess.com"]
[Source "ChessBase"]
[SourceQuality "1"]

{[%evp 20,43,0,0,0,-8,0,-7,9,7,7,14,29,43,88,96,100,62,95,101,94,84,95,-129,-142,-143]} 1. c4 e6 2. Nf3 d5 3. e3 Nf6 4. b3 Be7 5. Bb2 O-O 6. Be2 c5 7. O-O Nc6 8. d4 cxd4 9. exd4 b6 10. Nbd2 Bb7 11. Rc1 Rc8 {[%cal Ba8c8,Bc8c7,Bc7d7][%mdl 32] A13: English Opening: 1...e6} 12. Bd3 dxc4 13. bxc4 Rc7 {The position is equal.} 14. Re1 $146 ({Predecessor:} 14. Qe2 Qe8 15. d5 Nb4 16. Ng5 Nxd3 17. Qxd3 {½-½ (35) Marzolo,C (2449)-Chabanon,J (2473) Nancy 2013}) 14... Rd7 15. Bb1 Bb4 {[%cal Rc6d4]} 16. a3 Ba5 17. Re3 Ng4 18. Rd3 Nce5 19. Nxe5 Nxe5 20. Rh3 Ng6 {[#]} 21. Qh5 $2 (21. Nb3 $1 $16 {keeps the pressure on.}) 21... h6 $17 22. Qd1 {Accuracy: White = 47%, Black = 43%.} 1/2-1/2

[Event "FRA-chT Top 12 2019"]
[Site "Brest"]
[Date "2019.05.22"]
[Round "5.3"]
[White "Balogh, Csaba"]
[Black "Fressinet, Laurent"]
[Result "1/2-1/2"]
[WhiteElo "2598"]
[BlackElo "2640"]
[Annotator "TA"]
[PlyCount "29"]
[EventDate "2019.05.18"]
[EventType "team-tourn"]
[EventCountry "FRA"]
[SourceTitle "playchess.com"]
[Source "ChessBase"]
[SourceQuality "1"]

{[%evp 10,29,21,-1,12,0,0,0,0,0,0,-10,-14,-22,0,-9,0,-23,13,0,17,-27]} 1. e4 e5 2. Nf3 Nc6 3. Bb5 a6 4. Ba4 Nf6 5. d3 Bc5 6. c3 d6 {C77: Ruy Lopez: 3...a6 4 Ba4 Nf6, unusual lines} 7. Bg5 Ba7 8. Nbd2 h6 9. Bh4 Bd7 10. Nf1 g5 11. Bg3 Ne7 12. Ne3 Bxe3 $146 ({Predecessor:} 12... Ng6 13. Nf5 Ne7 {½-½ (43) Naiditsch,A (2701)-Vitiugov,N (2735) Karlsruhe/Baden-Baden 2018}) 13. fxe3 Ng6 14. O-O Qe7 15. Bxd7+ 1/2-1/2

[Event "FRA-chT Top 12 2019"]
[Site "Brest"]
[Date "2019.05.22"]
[Round "5.3"]
[White "Oleksiyenko, Mykhaylo"]
[Black "Oparin, Grigoriy"]
[Result "0-1"]
[WhiteElo "2595"]
[BlackElo "2624"]
[Annotator "TA"]
[PlyCount "78"]
[EventDate "2019.05.18"]
[EventType "team-tourn"]
[EventCountry "FRA"]
[SourceTitle "playchess.com"]
[Source "ChessBase"]
[SourceQuality "1"]

{[%evp 29,78,25,31,29,33,33,30,22,39,0,0,0,0,0,0,0,0,-33,-20,-25,-32,-53,-43,-37,-45,-88,-79,-85,-85,-87,-89,-92,-91,-87,-86,-87,-73,-75,-69,-77,-75,-77,-80,-203,-200,-432,-432,-432,-432,-425,-391]} 1. e4 e5 2. Nf3 Nc6 3. Bb5 a6 4. Ba4 Nf6 5. O-O Be7 6. Re1 b5 7. Bb3 d6 8. c3 O-O 9. h3 Bb7 10. d4 Re8 11. Nbd2 Bf8 12. a3 h6 13. Bc2 Nb8 14. b3 Nbd7 15. Bb2 g6 16. Bd3 {C93: Closed Ruy Lopez: Smyslov Variation} c6 17. Qc2 Rc8 18. a4 {White has an edge.} Qc7 {[#]} 19. c4 $146 ({Predecessor:} 19. axb5 axb5 20. b4 Nb6 21. Rad1 Nfd7 22. Nb3 c5 23. dxc5 dxc5 24. Bxb5 cxb4 25. Rc1 bxc3 {½-½ (25) Alekseev,E (2701)-Inarkiev,E (2672) Moscow 2011}) 19... bxc4 20. Nxc4 exd4 $1 21. Bxd4 d5 22. exd5 {[#] And now d6 would win.} Rxe1+ 23. Rxe1 {Nfe5 is the strong threat.} (23. Nxe1 {is more complex.} cxd5 24. Ne3 Ne4 25. Qb2 Nec5 26. Be2) 23... cxd5 24. Ne3 Qxc2 25. Nxc2 Nc5 26. Bxc5 Rxc5 27. b4 Rc3 28. Rd1 Bc6 29. b5 axb5 {[%mdl 64] Overworked Piece} 30. axb5 {[#]} Bxb5 $1 {[%mdl 512]} 31. Bxb5 {aiming for Ne3.} Rxc2 32. Ba4 Rb2 33. Rd2 Rb4 34. Bc6 Rb1+ 35. Kh2 Bb4 36. Rd3 (36. Rc2 $17) 36... Rf1 $19 {Hoping for ...Bd6+.} 37. Bxd5 $2 (37. Nd4) 37... Bd6+ {Black is clearly winning.} 38. g3 Rxf2+ 39. Kg1 Bc5 {Accuracy: White = 52%, Black = 82%.} 0-1

[Event "FRA-chT Top 12 2019"]
[Site "Brest"]
[Date "2019.05.22"]
[Round "5.3"]
[White "Tregubov, Pavel V."]
[Black "Gledura, Benjamin"]
[Result "0-1"]
[WhiteElo "2586"]
[BlackElo "2645"]
[Annotator "TA"]
[PlyCount "122"]
[EventDate "2019.05.18"]
[EventType "team-tourn"]
[EventCountry "FRA"]
[SourceTitle "playchess.com"]
[Source "ChessBase"]
[SourceQuality "1"]

{[%evp 13,122,6,8,19,25,18,22,23,20,10,17,8,27,14,27,20,29,34,38,27,19,19,23,18,29,27,30,20,31,31,35,38,38,35,35,22,30,29,31,13,30,-2,25,25,25,25,25,26,31,0,0,0,0,15,15,15,15,15,13,0,12,-5,-5,-5,-12,-723,-680,-737,-707,-727,-615,-699,-596,-1085,-735,-3016,-2805,-2073,-1152,-1253,-1187,-1203,-1237,-1258,-1207,-1135,-1148,-1093,-810,-1273,-1275,-1267,-1260,-1242,-1237,-1226,-1225,-1168,-1156,-1111,-1102,-1076,-1067,-974,-973,-864,-859,-765,-722,-596,-556]} 1. d4 d5 2. c4 c6 3. cxd5 cxd5 4. Bf4 Nc6 5. e3 Nf6 6. Nc3 Bf5 7. Qb3 Na5 $1 {[%cal Ra5b3]} 8. Qa4+ {D10: Slav Defence: 3 cxd5 (without early Nf3) and 3 Nc3} Bd7 9. Qc2 e6 10. Bd3 {The position is equal.} Nc6 11. Qe2 Be7 12. h3 O-O 13. Nf3 Rc8 14. O-O Nh5 15. Bh2 f5 16. Ne5 Nf6 17. f3 Nxe5 18. Bxe5 Bc6 19. Rac1 a6 20. Qd2 Bd6 21. Ne2 Qc7 22. Bxd6 Qxd6 23. Rc3 Rc7 24. Rfc1 Rfc8 25. Qc2 g6 26. Nf4 Ne8 27. Bf1 Bd7 (27... g5 $5 {[%cal Rg5f4]} 28. Nd3 Bb5 $11) 28. Qd2 Rxc3 29. Rxc3 Rxc3 30. Qxc3 Qc7 31. Qc5 (31. Qd2 {seems wilder.} Nd6 32. h4 Kf7 33. Bd3 Bb5 34. Bc2) 31... Qxc5 32. dxc5 $11 {[%mdl 4096] Endgame KBN-KBN} Kf7 33. Nd3 Ke7 34. Ne5 Nf6 35. Kf2 Be8 36. b4 Nd7 37. f4 (37. Nd3 {looks sharper.} Nf6 38. Nc1 Ba4 39. a3 Nd7 40. f4) 37... Nxe5 38. fxe5 {KB-KB} Bb5 39. Be2 $2 {[%mdl 8192]} (39. Bxb5 $11 axb5 40. Kf3) 39... Bxe2 $1 $19 {Black is clearly winning.} 40. Kxe2 {[#] KP-KP} Kd7 $1 {[%cal Rd7c6]} 41. Kd3 Kc6 42. Kc3 {[#]} a5 $1 {[%mdl 512]} 43. a3 (43. bxa5 Kxc5) 43... Kb5 44. Kb3 axb4 45. axb4 h5 46. h4 {[#]} f4 $1 {[%mdl 512]} 47. exf4 d4 48. g3 d3 49. Kc3 d2 $1 {[%cal Rd2d1]} 50. Kxd2 Kxb4 51. c6 bxc6 52. Ke3 Kc4 53. Ke4 c5 54. g4 hxg4 55. h5 gxh5 {Hoping for ...h4.} 56. f5 exf5+ 57. Kxf5 g3 ({Stronger than} 57... Kd5 58. e6 $11) 58. e6 g2 59. e7 g1=Q {( -> ...Qg8)} 60. e8=Q Qg4+ 61. Kf6 Kd3 {Accuracy: White = 60%, Black = 75%.} 0-1